Statistics for Biggest Cities in Michigan in 1950

Click here to take the quiz!

General Stats

  • This quiz has been taken 232 times
  • The average score is 10 of 20

Answer Stats

PopulationCountyAnswer% Correct
1,849,568WayneDetroit
100%
176,515KentGrand Rapids
91%
48,251WashtenawAnn Arbor
86%
92,129InghamLansing
86%
163,143GeneseeFlint
85%
94,994WayneDearborn
72%
57,704KalamazooKalamazoo
69%
92,918SaginawSaginaw
58%
73,681OaklandPontiac
47%
48,666CalhounBattle Creek
46%
52,523BayBay City
41%
48,429MuskegonMuskegon
37%
51,088JacksonJackson
34%
35,725St. ClairPort Huron
32%
43,355WayneHamtramck
24%
46,898OaklandRoyal Oak
21%
46,393WayneHighland Park
16%
29,675OaklandFerndale
9%
29,310WayneLincoln Park
8%
36,846WayneWyandotte
8%

Score Distribution

Percentile by Number Answered

Percent of People with Each Score

Your Score History

You have not taken this quiz